=LDR 00000nam 2200000 4500 =001 INLIS000000000041269 =005 20130612150819 =008 ***********************************ind** =035 ##$$0010-061300000041269 =041 ##$$a ind =082 ##$$a 621.31 =100 ##$$a lafferty, Peter =245 ##$$a penuntun ilmu pengetahuan:magnet sampai dinamo =850 ##$$a NBPNMAT